川崎市内にある駅 - Statistics

General Stats
  • This quiz has been taken 92 times
  • The average score is 37 of 52
Answer Stats
所在区 路線名 駅名 % Correct
川崎区 東海道本線/南武線 川崎
99%
幸区 南武線 尻手
96%
中原区 東海道本線/南武線/東急東横線 武蔵小杉
95%
中原区 南武線 武蔵新城
90%
多摩区 南武線/小田急小田原線 登戸
89%
幸区 南武線 鹿島田
88%
川崎区 京急本線/京急大師線 京急川崎
86%
中原区 南武線 武蔵中原
86%
高津区 南武線 武蔵溝ノ口
85%
幸区 東海道本線 新川崎
84%
川崎区 南武線/鶴見線 浜川崎
84%
高津区 東急田園都市線/東急大井町線 溝の口
81%
川崎区 京急大師線 川崎大師
79%
中原区 東急東横線 元住吉
79%
麻生区 小田急小田原線/小田急多摩線 新百合ヶ丘
78%
中原区 東急東横線 新丸子
77%
多摩区 南武線 稲田堤
75%
宮前区 東急田園都市線 宮前平
75%
多摩区 小田急小田原線 向ヶ丘遊園
75%
多摩区 南武線 宿河原
74%
川崎区 南武線/京急本線 八丁畷
74%
麻生区 小田急小田原線 百合ヶ丘
74%
川崎区 京急大師線 小島新田
73%
高津区 東急田園都市線 高津
73%
高津区 南武線 久地
70%
高津区 東急田園都市線 二子新地
70%
多摩区 小田急小田原線 生田
68%
高津区 南武線 津田山
68%
中原区 南武線 平間
68%
宮前区 東急田園都市線 宮崎台
68%
中原区 南武線 向河原
68%
多摩区 小田急小田原線 読売ランド前
68%
川崎区 南武線 小田栄
67%
多摩区 京王相模原線 京王稲田堤
66%
宮前区 東急田園都市線 鷺沼
64%
川崎区 南武線 川崎新町
60%
川崎区 京急大師線 鈴木町
60%
麻生区 小田急小田原線 柿生
59%
多摩区 南武線 中野島
59%
高津区 東急田園都市線 梶が谷
58%
川崎区 鶴見線 武蔵白石
58%
麻生区 小田急多摩線 黒川
56%
川崎区 鶴見線 扇町
55%
川崎区 鶴見線 大川
55%
川崎区 鶴見線 昭和
55%
川崎区 京急大師線 大師橋
55%
麻生区 小田急多摩線 はるひ野
53%
麻生区 京王相模原線 若葉台
53%
麻生区 小田急多摩線 栗平
51%
麻生区 小田急多摩線 五月台
51%
川崎区 京急大師線 港町
51%
川崎区 京急大師線 東門前
48%
No matching quizzes found
Score Distribution
Percent of People with Each Score
Percentile by Number Answered
Your Score History
You have not taken this quiz